00704nam a22001817a 450000500170000002000260001703500130004303700190005608200080007510000200008324501790010325000350028226000580031727000780037530000270045370000250048071000170050520181220152737.0 a9789311129211c500.00 aB-710595 adplbRK Books  a000 aSharma, Mohit  aIAS mains general studies paper 3:btechnology economic development bio-diversity environment, security & disaster management /cMohit Sharma...[et al] edited by Priya Goyal  aFull Revised & Updated Edition aNew DelhibArihant Publications(India ) Limitedc2015 a4577/15, Agarwal Road, Daryaganj bNew Delhi e110002k011-47630600l-m- a678p.bill.c24cm(pbk) aGoyal, Priya, edtior aGoyal, Priya